L'Europa e i diritti dei bambini

Detalles Bibliográficos
Autor principal: Frattini, Franco
Otros Autores: Spatafora, Ersiliagrazia
Formato: Desconocido
Lenguaje:italiano
Publicado: [Roma] : Cacucci Editore, 2010
Materias:
Acceso en línea:Acceso restringido

MARC

LEADER 00000ny a22000003n 4500
005 20110525112810.0
008 101118s2010 it 000 ita d
022 |a 788884228499  
035 |a 5056 
040 |a BUS  |d vLex 
090 |c 260  |d 260 
100 1 |a Frattini, Franco 
245 1 2 |a L'Europa e i diritti dei bambini  |h [Recurso electrn̤ico]  |c Franco Frattini ; Ersiliagrazia Spatafora 
256 |a Servicio en ln̕ea 
260 |a [Roma] :  |b Cacucci Editore,  |c 2010 
506 1 |a Contenido solo disponible en los productos indicados  |d vLex Global  |d vLex Global (Academic Edition, excluding Law Schools)  |d vLex Global (U.S. Academic Edition, Law Schools)  |d vLex Global (U.S. Academic Edition, excluding Law Schools)  |d vLex Global (Academic Edition, Law Schools) 
650 0 4 |a Derechos humanos 
700 1 |a Spatafora, Ersiliagrazia 
740 0 |a vLex Libros (Servicios en ln̕ea) 
856 4 0 |z Acceso restringido  |u http://vlex.com/source/europa-diritti-bambini-5056 
942 |c BOOK 
999 0 |a Human rights  |b Roma